Brain boosters for business advantage : ticklers,grags,blue skies,and other bionic ideas
| Main Author: | |
|---|---|
| Format: | Book |
| Published: |
Kuala Lumpur :
Golden Books Centre Sdn Bhd. ,
1995
|
| Subjects: |
MARC
| LEADER | 00000cam a2200000 7i4500 | ||
|---|---|---|---|
| 001 | 0000009065 | ||
| 002 | 000009875 | ||
| 005 | 20000330.0 | ||
| 020 | |a 9837201576 | ||
| 090 | 0 | 0 | |a 153.43 |b VAN |
| 100 | 1 | |a Vangundy, Arthur B | |
| 245 | 1 | 0 | |a Brain boosters for business advantage : |b ticklers,grags,blue skies,and other bionic ideas |c Arthur B.Vangundy |
| 260 | |a Kuala Lumpur : |b Golden Books Centre Sdn Bhd. , |c 1995 | ||
| 300 | |a 347p. ; |c 27cm. | ||
| 650 | 0 | 0 | |a Problem solving |
| 999 | |a 048920 |b BUKU |c PINJAMAN |e PERPUSTAKAAN KOMUNITI PETALING JAYA | ||